Foukací povídky /

Enregistré dans:
Détails bibliographiques
Auteurs principaux: Niklová, Libuše (Auteur), Nikl, Petr (Auteur)
Format: Livre
Langue:tchèque
Publié: Praha : Meander - Ivana Pecháčková, 2013
Édition:1. vydanie
Sujets:
Tags: Ajouter un tag
Pas de tags, Soyez le premier à ajouter un tag!

MARC

LEADER 00000nam a22000003a 4500
001 0064758
003 SK-STU
005 20190325175251.8
007 ta
008 180425s ----xo-----e------000-0-----d
020 |a 978-80-87596-33-3 
040 |a STU  |b slo 
041 0 |a cze 
044 |a xr 
100 1 |a Niklová, Libuše  |4 aut 
245 1 0 |a Foukací povídky /  |c aut. Libuše Niklová, Petr Nikl 
250 |a 1. vydanie 
260 |a Praha :  |b Meander - Ivana Pecháčková,  |c 2013 
300 |a 51 s. 
650 0 7 |a dizajn produktový 
650 0 7 |a dizajn výrobkov 
650 0 7 |a hračky 
700 1 |a Nikl, Petr  |4 aut 
996 |b 284AU07389  |c A* 10638/U  |l AAKNST  |s P  |a 0  |w 0064758_0001